Herculesáci považujú tohtoročnú sezónu za úspešnú pre rožňavských silákov bola tohoročná sezóna vcelku úspešná - tvrdí člen odielu J. P. Stav Herkules - Juraj Pástor

Bibliographic Details
Format: Article
Language:Slovak
PhysicalDescription:Fotogr.
Subjects:

MARC

LEADER 00000nab a2200000 ar4500
001 vtls008413313
003 SK-MaSNL
005 20260303070221.0
008 051202c20051116xo wr|p|||||||000 b|slo
038 |a RVGKPD 
040 |a RVGKPD  |b slo  |c RVGKPD  |e AACR2 
041 0 |a slo 
044 |a xo  |c SK 
080 |a 796.894  |2 UDC-MRF-SK2 
245 0 0 |a Herculesáci považujú tohtoročnú sezónu za úspešnú  |b pre rožňavských silákov bola tohoročná sezóna vcelku úspešná - tvrdí člen odielu J. P. Stav Herkules - Juraj Pástor 
300 |b Fotogr. 
610 2 7 |a J.P. Stav Herkules (Rožňava, Slovensko)  |2 rvgkpd  |9 1034964 
650 0 7 |a silový trojboj  |2 rvgkpd  |9 58231 
651 7 |a Rožňava (Slovensko)  |2 rvgkpd  |9 17394 
773 0 |t GEMERinfo  |g Roč. I, č. 11 (16.11.2005), s. 10 
852 |a RVGKPD  |b KIS3G 
992 |a RBX 
999 |c 1754418  |d 1756348